000 00807nam a22001817a 4500
005 20260309101805.0
008 250213b |||||||| |||| 00| 0 eng d
082 _aUT 1741 Sa746 2024
100 _aSarno, Kissel Jade B.
_965240
245 _aLending for better or worse: Behavioral finance application to Kiblawan farmers effectiveness on loan decision and debt usage from informal lenders /
_cKissel Jade B. Sarno, Ivy Jane A. Baldevia, and ahljien Rose D. Redoble
260 _aDigos City :
_bUMDC,
_c©September 2024.
300 _aviii, 85 pages :
_billustration ;
_c29 cm.
500 _aIncludes references and appendices.
650 0 _aBusiness administration
_xUndergraduate thesis.
_969965
700 _aBaldevia, Ivy Jane A.
_965241
700 _aRedoble, ahljien Rose D.
_965242
942 _2ddc
_cUT
999 _c23437
_d23437